Hợp tác giáo dục trong khu vực Asean và những tác động đén Việt Nam. /

Đã lưu trong:
书目详细资料
主要作者: Lê Thị Giang
格式: Luận văn 图书
语言:Vietnamese
出版: ĐHĐN : Trường ĐH ngoại ngữ, 2015.
主题:
标签: 添加标签
没有标签, 成为第一个标记此记录!
Thư viện lưu trữ: Mạng thư viện Đại học Đà Nẵng
LEADER 01828nlm a22003851a 4500
001 000035396
003 11674
005 20230403140311.0
008 151217s2015 000 vie
040 |a LNN 
041 |a vie 
082 |a 370  |b LT.G 
100 |a Lê Thị Giang 
245 0 |a Hợp tác giáo dục trong khu vực Asean và những tác động đén Việt Nam. /  |c Lê Thị Giang. 
246 |a Luận văn tốt nghiệp 
260 |a ĐHĐN :  |b Trường ĐH ngoại ngữ,  |c 2015. 
300 |a 30cm :  |b 54 tr;. 
502 |a Luận văn sinh viên 
505 |a Chuyên nghành Quốc tế hoc 
520 0 1 |c Tổng quan về hiệp hội các quốc gia Đông Nam Á (ASEAN) và khái quát tình hình giáo dục Asean. Chương trình hợp tác trên lĩnh vực giáo dục giữa các nước thành viên ASEAN. Những tác động của quá trình hợp tác giáo dục Asean đối với sự phát triển giáo dục của Việt Nam. 
650 |a Giáo dục Việt Nam  |x Hiệp hội các quốc gia Đông Nam Á (ASEAN),  |y Hợp tác giáo dục ASEAN 
653 |a Lê Thị Giang,2015,giao dục trong khu vực Asean ,giáo dục việt nam,giáo dục Asean. 
816 |a Luận văn tốt nghiêp  |b SV Khoa Quốc tế học 
OWN |a LNN 
AVA |a UDN50  |b LNN  |d 370 LÊ-G  |e available  |t Error 5001 Not defined in file expand_doc_bib_avail.  |f 1  |g 0  |h N  |i 0 
999 |a From the UDN01 
AVA |a UDN50  |b LNN  |d 370 LÊ-G  |e available  |t Error 5001 Not defined in file expand_doc_bib_avail.  |f 1  |g 0  |h N  |i 0 
TYP |a Dissertation 
TYP |a Monograph 
980 |a Mạng thư viện Đại học Đà Nẵng